US states with at least 4 LDS temples - Statistics

General Stats
  • This quiz has been taken 74 times
    15 since last reset
  • The average score is 10 of 11
Answer Stats
Temples Answer % Correct
9 Arizona
100%
5 Florida
100%
11 Idaho
100%
10 Texas
100%
32 Utah
100%
12 California
92%
4 Colorado
85%
4 Nevada
85%
6 Washington
85%
4 Virginia
69%
4 Hawaii
62%
No matching quizzes found
Score Distribution
Percent of People with Each Score
Percentile by Number Answered
Your Score History
You have not taken this quiz since the last reset